header

Desert and justice (Record no. 22365)

MARC details
000 -LEADER
fixed length control field 01210nam a2200313Ia 4500
245 00 - TITLE STATEMENT
Title Desert and justice
260 ## - PUBLICATION, DISTRIBUTION, ETC. (IMPRINT)
Place of publication Oxford :
Name of publisher Clarendon Press,
Year of publication 2003.
300 ## - PHYSICAL DESCRIPTION
Number of Pages xi, 269 p. :
Other physical details ill.
490 1# - SERIES STATEMENT
Series statement Mind Association occasional series
650 #0 - SUBJECT ADDED ENTRY--TOPICAL TERM
Topical Term Merit (Ethics)
Topical Term Justice (Philosophy)
Topical Term Distributive justice
700 1# - ADDED ENTRY--PERSONAL NAME
Personal name Olsaretti, Serena.
856 40 - ELECTRONIC LOCATION AND ACCESS
Uniform Resource Identifier http://site.ebrary.com/lib/rucke/Doc?id=10271676

No items available.

© 2026 Rongo University
Contact us: librarian | system librarian | Rongo university